Star Wars Vehicles by Picture - Statistics

General Stats
  • This quiz has been taken 3,019 times
    182 since last reset
  • The average score is 11 of 15
Answer Stats
Picture Answer % Correct
X-Wing
99%
Millennium Falcon
97%
AT-AT
96%
Death Star
96%
TIE fighter
93%
Y-Wing
89%
Star Destroyer
87%
AT-ST
81%
A-Wing
75%
Imperial Shuttle
60%
Landspeeder
57%
Sandcrawler
57%
Super Star Destroyer/Star Dreadnought
57%
Airspeeder/Snowspeeder
52%
Cloud car
28%
No matching quizzes found
Score Distribution
Percent of People with Each Score
Percentile by Number Answered
Your Score History
You have not taken this quiz since the last reset